000 00866nam a2200217 i 4500
001 124887
003 ES-MaACL
005 20230906192521.0
007 t|
008 070423s1932 sp ||||1| spa d
100 1 _aMarvá y Mayer, José.
_978576
245 1 3 _aLa previsión social y el Instituto Nacional de Previsión /
_cdiscurso pronunciado por José Marvá y Máyer.
260 _aMadrid :
_b[s.n.],
_c1932 (
_fEstablecimiento Tipográfico de A. Marzo)
300 _a14 p. ;
_c21 cm.
490 1 _aPublicaciones del Instituto Nacional de Previsión ;
_v318
500 _aEn la sesión estatutaria celebrada en Madrid el día 27 de febrero de 1932.
610 2 4 _aInstituto Nacional de Previsión (España)
_95180
830 0 _aPublicaciones del Instituto Nacional de Previsión ;
_v318
_9181151
852 _aES-MaACL
_jC-12630(6)
999 _c124887
_d124887